| 000 | 00790nam a22002177a 4500 | ||
|---|---|---|---|
| 999 |
_c1289 _d1289 |
||
| 003 | AR-CdUCM | ||
| 008 | 190226b ||||| |||| 00| 0 spa d | ||
| 040 |
_aMUNICIPALIDAD PROVINCIAL DEL CUSCO _cBIBLIOTECA MUNICIPAL DEL CUSCO |
||
| 082 |
_a869.56 / _bB73 |
||
| 100 |
_aBonet Rodriguez, Hugo _94683 |
||
| 245 |
_aTaki Onqoy / _cBonet Rodriguez, Hugo |
||
| 260 |
_aCusco _bUniversitaria UNSAAC, _c1995. |
||
| 300 |
_a187 paginas ; _bil, fotos, _c30cm. |
||
| 500 | _aContinuar Partiduras | ||
| 505 | _aConfesion de parte -- La resureccion de las cicatrices -- El juego de la pelota -- Bernardo Tambohuacso -- La honra de mi pueblo... | ||
| 650 |
_aTeatro experimental _94978 |
||
| 650 |
_aUniversitario _92406 |
||
| 650 |
_aMusica _91443 |
||
| 942 |
_2ddc _cLIBROS |
||
| 945 |
_apjha _d2019-02-26 |
||